000 00804nam a22002297a 4500
005 20170124110218.0
010 _aA-710125
020 _c00.00
035 _aA-710125
037 _bCen Lib/Ret
040 _aDPL
_bEN
082 _a921
_bWAL
100 _aWali, Kameshwar C.
_939520
245 _aChandra :
_cby Kameshwar C.Wali
_ba biography of S. Chandrasekhar /
260 _aNew Delhi
_bPenguin Books
_c1990
270 _bNew Delhi
_aB4/246, Safdarjung Enclave
_e110029
300 _ax,341p.
_c21cm(Hb)
500 _aIncludes index
650 _aChandrasekhar, S. -- (Subrahmanyan), -- 1910-1995
_919380
650 _aAstrophysicists -- United States -- Biography
_939521
942 _2ddc
_cEN
_h921
_mWAL
999 _c134010
_d134010